The Influence of Ezekiel in the Fourth Gospel, Intertextuality and Interpretation.
This monograph presents important research regarding the Fourth Gospel's use of Scripture, specifically the book of Ezekiel. It provides the first detailed comparison of the theological vocabularies of the two works, identifying intertextual links and themes. This is a major update and expansio...
المؤلف الرئيسي:
التنسيق: كتاب الكتروني
اللغة: English
منشور في:
Leiden, Boston:
Brill,
2018.
سلاسل:
Biblical Interpretation Series
167.
Biblical Studies, Ancient Near East and Early Christianity E-Books Online, Collection 2018, ISBN: 9789004353275.
الموضوعات:
الوصول للمادة أونلاين: Login to view Source
الوسوم: إضافة وسم
رقم الطلب: BS2615.52
| LEADER | 02286nam a2200397 i 4500 | ||
|---|---|---|---|
| 001 | BRILL9789004383845 | ||
| 003 | nllekb | ||
| 005 | 20210602100328.0 | ||
| 006 | m d | ||
| 007 | cr un uuuua | ||
| 008 | 181023s2018 ne od eng d | ||
| 020 | |a 9789004383845 |q (electronic book) | ||
| 020 | |z 9789004383814 |q (print) | ||
| 024 | 7 | |a 10.1163/9789004383845 |2 DOI | |
| 040 | |a NL-LeKB |c NL-LeKB |e rda | ||
| 050 | 4 | |a BS2615.52 | |
| 072 | 7 | |a HRCF2 |2 bicssc | |
| 072 | 7 | |a REL006100 |2 bisacsh | |
| 082 | 0 | 4 | |a 226.5/06 |2 23 |
| 100 | 1 | |a William G. Fowler; Michael Strickland | |
| 245 | 0 | 0 | |a The Influence of Ezekiel in the Fourth Gospel, |b Intertextuality and Interpretation. |
| 264 | 3 | 1 | |a Leiden, |a Boston: |b Brill, |c 2018. |
| 300 | |a 1 online resource. | ||
| 336 | |a text |b txt |2 rdacontent | ||
| 337 | |a computer |b c |2 rdamedia | ||
| 338 | |a online resource |2 rdacarrier | ||
| 505 | 0 | 0 | |a Front Matter -- Preface -- Acknowledgements -- Abbreviations -- Introduction -- The Theological Vocabularies of John and Ezekiel -- Primary Points of Contact -- Secondary Points of Contact -- Conclusion -- Back Matter -- Bibliography -- Index of Subjects and Modern Authors -- Index of Scripture and Other Ancient Writings. |
| 520 | |a This monograph presents important research regarding the Fourth Gospel's use of Scripture, specifically the book of Ezekiel. It provides the first detailed comparison of the theological vocabularies of the two works, identifying intertextual links and themes. This is a major update and expansion of the doctoral dissertation of William Fowler from 1995 (\'The Influence of Ezekiel in the Fourth Gospel\', PhD diss. Golden Gate Baptist Theological Seminary). | ||
| 650 | 0 | |a Intertextuality in the Bible. | |
| 776 | 0 | 8 | |i Print version: |t The Influence of Ezekiel in the Fourth Gospel: Intertextuality and Interpretation |d Leiden, Boston : BRILL, 2018, |z 9789004383814 |
| 830 | 0 | |a Biblical Interpretation Series |v 167. | |
| 830 | 0 | |a Biblical Studies, Ancient Near East and Early Christianity E-Books Online, Collection 2018, ISBN: 9789004353275. | |
| 856 | 4 | |z DOI: |u http://dx.doi.org/10.1163/9789004383845 | |
| 942 | |c EBOOK | ||
| 952 | |0 0 |1 0 |4 0 |7 1 |9 13960 |a BRILL |b BRILL |d 2021-06-02 |l 0 |r 2021-06-02 00:00:00 |w 2021-06-02 |y EBOOK | ||
| 999 | |c 35411 |d 35411 | ||
